00908cam a2200253 i 4500001001000000003000600010005001700016008004100033010001500074020002300089020002000112035002100132040005900153042000800212082001800220100001800238245007100256264004100327300002300368500001900391630004100410630005700451776014600508866096885OCoLC20241126110709.0140304s2014 ilu d 001 0 eng  a2013044703 a9781433541148 (tp) a1433541149 (tp) a(OCoLC)866096885 aDLCbengerdacDLCdYDXCPdBTCTAdBDXdTLEdCDXdCHVBK apcc a220.6603bRYK1 aRyken, Leland12aA complete handbook of literary forms in the Bible /cLeland Ryken 1aWheaton, Illinois :bCrossway,c2014 a220 pages ;c22 cm aIncludes index00aBiblexLanguage, stylevDictionaries00aBiblexCriticism, interpretation, etc.vDictionaries08iOnline version:aRyken, Leland.tComplete handbook of literary forms in the BibledWheaton : Crossway, 2014z9781433541155w(DLC) 2014010691